00401nam a2200157Ia 4500008004100000020001500041041001200056082002100068100003200089245002600121250001200147260003300159300001400192500002700206650001000233231217s9999 xx 000 0 und d a817881305X aEnglish a658.45 LAI;1 R aLaisram, Pallavi Pandit ed. 0aSpeak up and be heard a1st ed. c2004bICFAI PressaHyderabad aviii, 200 aContent page available aICFAI